000 00497nam a2200169 i 4500
001 130557
003 ES-MaACL
005 20230906193754.0
007 t|
008 070731s1917 sp ||||1| spa d
100 1 _aZarco Cuevas, Julián.
_9118064
245 1 0 _aEscritores Agustinos de El Escorial (1885-1916) /
_cJulián Zarco Cuevas.
260 _aMadrid :
_b[s.n.],
_c1917 (
_fImp. Helénica)
300 _aXIV, 394 p. ;
_c19 cm.
610 1 0 _aAgustinos.
_91301
852 _aES-MaACL
_jF-4496
999 _c130557
_d130557